Picturing the Americas (Record no. 8133)

MARC details
000 -CABECERA
campo de control de longitud fija 00991nam a2200253 a 4500
001 - NÚMERO DE CONTROL
campo de control BRCA_8466
005 - FECHA Y HORA DE LA ÚLTIMA TRANSACCIÓN
campo de control 20190320210308.0
008 - DATOS DE LONGITUD FIJA--INFORMACIÓN GENERAL
campo de control de longitud fija 120116s2015----cn-a######---#000-0#eng-#
020 ## - NÚMERO INTERNACIONAL ESTÁNDAR DEL LIBRO
Número Internacional Estándar del Libro 9780300211504
041 ## - CÓDIGO DE LENGUA
Código de lengua del texto/banda sonora o título independiente eng
044 ## - CÓDIGO DEL PAÍS DE LA ENTIDAD EDITORA/PRODUCTORA
Código MARC del país cn
050 #4 - SIGNATURA TOPOGRÁFICA DE LA BIBLIOTECA DEL CONGRESO
Número de clasificación ND1367.N67
Número de documento/Ítem .P52 2015
245 10 - MENCIÓN DE TÍTULO
Título Picturing the Americas
Resto del título Landscape Painting from Tierra del Fuego to the Arctic
Mención de responsabilidad, etc. edited by Peter John Brownlee, Valéria Piccoli and Georgiana Uhlyarik.
260 ## - PUBLICACIÓN, DISTRIBUCIÓN, ETC.
Lugar de publicación, distribución, etc. Toronto, Ontario, Canadá
Nombre del editor, distribuidor, etc. Art Gallery of Ontario ; New Haven, Connecticut : Yale University Press
Fecha de publicación, distribución, etc. 2015
300 ## - DESCRIPCIÓN FÍSICA
Extensión 280 p.
Otras características físicas il. a color
Dimensiones 28 cm.
500 ## - NOTA GENERAL
Nota general Incluye índice alfabético
502 ## - NOTA DE TESIS
Nota de tesis Bibliografía : p. 261-267
650 14 - PUNTO DE ACCESO ADICIONAL DE MATERIA--TÉRMINO DE MATERIA
Término de materia o nombre geográfico como elemento de entrada Pintura de paisajes
Subdivisión general Historia
Subdivisión geográfica Norteamérica
9 (RLIN) 21200
650 14 - PUNTO DE ACCESO ADICIONAL DE MATERIA--TÉRMINO DE MATERIA
Término de materia o nombre geográfico como elemento de entrada Pintura de paisajes
Subdivisión general Historia
Subdivisión geográfica Sudamérica
9 (RLIN) 21201
700 1# - PUNTO DE ACCESO ADICIONAL--NOMBRE DE PERSONA
Nombre de persona Brownlee, Peter John
Término indicativo de función/relación ed.
9 (RLIN) 21202
700 1# - PUNTO DE ACCESO ADICIONAL--NOMBRE DE PERSONA
Nombre de persona Piccoli, Valéria
Término indicativo de función/relación ed.
9 (RLIN) 21203
700 1# - PUNTO DE ACCESO ADICIONAL--NOMBRE DE PERSONA
Nombre de persona Uhlyarik, Georgiana
Fechas asociadas al nombre 1972-
Término indicativo de función/relación ed.
9 (RLIN) 21204
942 ## - ELEMENTOS DE PUNTO DE ACCESO ADICIONAL (KOHA)
Fuente del sistema de clasificación o colocación Library of Congress Classification
Tipo de ítem Koha Libros
Holdings
Estado de retiro Estado de pérdida Estado dañado No para préstamo Localización permanente Ubicación/localización actual Fecha de adquisición Total de préstamos Signatura topográfica completa Código de barras Fecha visto por última vez Precio válido a partir de Tipo de ítem Koha
El ejemplar forma parte de la colección y puede ser consultado según las políticas vigentes.       Biblioteca del Museo Franz Mayer (Rogerio Casas-Alatriste) Biblioteca del Museo Franz Mayer (Rogerio Casas-Alatriste) 12/01/2016   ND1367.N67 .P52 2015 02902 22/03/2019 22/03/2019 Libros